000 01747pam a2200481 i 4500
001 sjds2065273
003 sjds
005 20190325163436.0
008 950803t19961996nyua a 000 1 eng
010 _a 95035848
020 _a0060882263(pbk.)
020 _a0688143318
020 _a9780060882266 (pbk.)
020 _a9780688143312
_c$16.99
035 _a1079725
035 _a(OCoLC)33007686
035 _a1079725
040 _aDLC
_beng
_erda
_cDLC
_dDLC
_dUtOrBLW
041 0 _aeng
_aspa
049 _aIFAB
099 _f1996
100 1 _aGibson, Ginger Foglesong,
_eauthor.
245 1 0 _aFiesta! /
_cby Ginger Foglesong Guy [ie, Ginger Foglesong Gibson] ; pictures by Rene King Moreno.
260 _aNew York :
_bGreenwillow Books,
_cc1996
264 1 _aNew York :
_bGreenwillow Books,
_c[1996]
264 4 _cc1996
300 _a1 volume (unpaged) :
_bcolor illustrations ;
_c22 x 27 cm
336 _atext
_btxt
_2rdacontent
337 _aunmediated
_bn
_2rdamedia
338 _avolume
_bnc
_2rdacarrier
520 _aBilingual text describes a children's party and provides practice counting in English and Spanish.
520 _aTexto bilingue describe una fiesta de ninos y es una oportunidad para contar para los lectores jovenes.
521 8 _aBR
_bLexile
546 _aText in English and Spanish.
650 0 _aParties
_vJuvenile fiction.
650 0 _aCounting
_vJuvenile literature.
650 0 _aSpanish language materials
_xBilingual
_vJuvenile literature.
650 7 _aFiestas
_vNovela juvenil.
_2bidex
650 7 _aContar (Enumerar)
_vNovela juvenil.
_2bidex
650 7 _aMateriales bilingües en espanol
_vLiteratura juvenil.
_2bidex
700 1 _aMoreno, Rene King,
_eillustrator.
942 _cBK
999 _c21976
_d21976